=LDR 00000nam 2200000 4500 =001 INLIS000000000022880 =005 20130612121607 =008 ***********************************Ind** =035 ##$$0010-061300000022880 =041 ##$$a Ind =082 ##$$a 370.1 =090 ##$$a 370.1, Sad p =100 ##$$a Sadullah Uyoh =245 ##$$a Pengantar filsafat, Uyoh Sadullah =260 ##$$a 2004 $b jakarta =300 ##$$a 183 hlm, ilus, 25 cm =650 ##$$a Filsafat =850 ##$$a NBPNMAT